000 01025nam a22002537a 4500
005 20170124103009.0
010 _aA-766184
020 _c95.00
035 _aA-766184
037 _bCen Lib/Ret
040 _aDPL
_bHN
082 _a
_bत्रिपाठी
100 _aत्रिपाठी, वचनेश
_97619
245 _aश्रेष्ठ ऐतिहासिक कहानियां /
_cवचनेश त्रिपाठी
246 _aShresth etihasik kahaniyan /
_bby Vachnesh Tripathi
260 _aदिल्ली
_bप्राची प्रकाशन
_c1996
270 _a3014, चर्खेवालान
_bदिल्ली
_e110006
300 _a144पृ.
_c17सेमी (सजिल्द)
650 _aहिन्दी -- साहित्य
_956946
650 _aहिन्दी -- कहानी
_9779
650 _aHindi -- Literature
_956947
650 _aHindi -- story
_943117
942 _2ddc
_cHN
_h
_mत्रिपाठी
999 _c114468
_d114468